书目信息 |
| 题名: |
性教育学
|
|
| 作者: | 毕比 著 ;林立 编译 | |
| 分册: | ||
| 出版信息: | 北京 农村读物出版社 1989 |
|
| 页数: | 194页 | |
| 开本: | 19cm | |
| 丛书名: | 性文明建设译丛 | |
| 单 册: | ||
| 中图分类: | G479 , G40 | |
| 科图分类: | ||
| 主题词: | 性教育--健康教育学 , 性教育 , 健康教育学 , 教育学 | |
| 电子资源: | ||
| ISBN: | 7-5048-0747-8 | |
| 000 | 00765oam2 2200289 450 | |
| 001 | 1540152441 | |
| 005 | 20150127110933.39 | |
| 010 | @a7-5048-0747-8@dCNY2.70 | |
| 100 | @a20040831d1989 em y0chiy50 ea | |
| 101 | 1 | @achi@ceng |
| 102 | @aCN@b110000 | |
| 105 | @ay z 000yy | |
| 200 | 1 | @a性教育学@9xing jiao yu xue@f(英)西里尔·毕比著@g林立等编译 |
| 210 | @a北京@c农村读物出版社@d1989 | |
| 215 | @a194页@d19cm | |
| 225 | 2 | @a性文明建设译丛 |
| 461 | 0 | @12001 @a性文明建设译丛 |
| 606 | 0 | @a性教育@x健康教育学 |
| 606 | 0 | @a性教育 |
| 606 | 0 | @a健康教育学 |
| 606 | 0 | @a教育学 |
| 690 | @aG479@v5 | |
| 690 | @aG40@v4 | |
| 701 | 1 | @a毕比@9bi bi@b西里尔@4著 |
| 702 | 0 | @a林立@9lin li@4编译 |
| 801 | 0 | @aCN@bTSSF@c20150127 |
| 905 | @aZUCC@dG40@eJY99 | |
| 性教育学/(英)西里尔·毕比著/林立等编译.-北京:农村读物出版社,1989 |
| 194页;19cm.-(性文明建设译丛) |
| ISBN 7-5048-0747-8:CNY2.70 |
| ● |
| 相关链接 |
|
|
|
|
正题名:性教育学
索取号:G40/JY99
 
预约/预借
| 序号 | 登录号 | 条形码 | 馆藏地/架位号 | 状态 | 备注 |
| 1 | 7838543 | 278385436 | 学院路分馆/ [索取号:G40/JY99] | 在馆 |